[Event "ECCC 2013"]
[Site "Rhodes"]
[Date "2013.10.24"]
[Round "5"]
[White "Haskaj, Fatmir"]
[Black "Van Der Zwet, Bart"]
[Result "1/2-1/2"]
[WhiteElo "2223"]
[BlackElo "2091"]
[PlyCount "150"]
[EventDate "2013.10.20"]
[EventType "team"]
[EventRounds "7"]
[EventCountry "GRE"]
[WhiteTeam "Expik Kosova"]
[BlackTeam "SV Voerendaal / KNSB"]

1. Nf3 Nf6 2. g3 g6 3. Bg2 Bg7 4. O-O O-O 5. c3 c5 6. d3 Nc6 7. Qc2 e5 8. e4 d5
9. Nbd2 d4 10. Nc4 Ne8 11. a4 Nd6 12. cxd4 Nxc4 13. d5 N4a5 14. dxc6 b6 15. c7
Qd6 16. Nd2 Nc6 17. Nc4 Qxc7 18. Be3 Be6 19. Rfd1 a5 20. Rac1 Rfd8 21. b3 Rd7
22. Bf1 Rad8 23. Be2 Nd4 24. Bxd4 Rxd4 25. Na3 Qb7 26. Nb5 R4d7 27. Rb1 Re7 28.
Bf3 Qd7 29. Nc3 Qd6 30. Nb5 Qb8 31. Nc3 Rd4 32. Nb5 Rb4 33. Nc3 Re8 34. Na2 Rd4
35. Nc3 Bd7 36. Ra1 Bc6 37. Ne2 Rb4 38. Nc3 Qb7 39. Rd2 f5 40. Be2 Rd4 41. Bf3
Rf8 42. Kg2 Qf7 43. Kg1 h5 44. Bg2 Bh6 45. Rdd1 f4 46. Nb1 f3 47. Bf1 Bd7 48.
Na3 Bg4 49. Nc4 Qe6 50. Kh1 h4 51. Ne3 hxg3 52. hxg3 Bg5 53. b4 Kg7 54. bxc5
Bh3 55. Kg1 Bxe3 56. fxe3 f2+ 57. Kh2 Bxf1 58. Rxf1 Rh8+ 59. Kg2 Qh3+ 60. Kf3
Qh5+ 61. g4 Qh3+ 62. Ke2 Qxg4+ 63. Kd2 Rb4 64. cxb6 Qd7 65. Rxf2 Rc8 66. Qa2
Rd8 67. Qd5 Qe7 68. Qa2 Rxb6 69. Raf1 Qb4+ 70. Kd1 Qb3+ 71. Qxb3 Rxb3 72. Rf7+
Kg8 73. Re7 Rdxd3+ 74. Kc2 Rbc3+ 75. Kb2 Rb3+ 1/2-1/2

[Event "ECCC 2013"]
[Site "Rhodes"]
[Date "2013.10.24"]
[Round "5"]
[White "Winkels, Marcel"]
[Black "Fejzullahu, Afrim"]
[Result "1/2-1/2"]
[WhiteElo "2002"]
[BlackElo "2334"]
[PlyCount "146"]
[EventDate "2013.10.20"]
[EventType "team"]
[EventRounds "7"]
[EventCountry "GRE"]
[WhiteTeam "SV Voerendaal / KNSB"]
[BlackTeam "Expik Kosova"]

1. e4 e5 2. Nf3 Nc6 3. d4 exd4 4. Nxd4 Nf6 5. Nxc6 bxc6 6. e5 Qe7 7. Qe2 Nd5 8.
c4 Ba6 9. Nd2 Nb6 10. b3 d5 11. exd6 cxd6 12. Bb2 f6 13. O-O-O Qxe2 14. Bxe2
O-O-O 15. Rhe1 d5 16. cxd5 Bxe2 17. Rxe2 Nxd5 18. Ne4 Bb4 19. Rc2 Kc7 20. Rc4
Rhe8 21. Rxd5 Rxd5 22. Rxb4 f5 23. Ng3 Re1+ 24. Kc2 g6 25. h4 Rg1 26. Ra4 Rxg2
27. Rf4 h6 28. Ne2 g5 29. hxg5 hxg5 30. Rf3 f4 31. b4 a5 32. a3 axb4 33. axb4
Kd7 34. Bd4 Ke6 35. Bc5 Kf5 36. Rd3 Rh2 37. Rxd5+ cxd5 38. Kd3 g4 39. b5 Ke5
40. Nxf4 Rh1 41. Ne2 Rh3+ 42. Be3 Rh1 43. Bd4+ Kd6 44. Ke3 Re1 45. Kd2 Rb1 46.
b6 Kc6 47. Ng3 Rb3 48. Ke2 Rf3 49. Nf1 Rf4 50. Kd3 Rf3+ 51. Be3 Rf7 52. Nd2 Rg7
53. Bd4 Rg8 54. Nf1 Rf8 55. Nd2 Rg8 56. Ke2 Rf8 57. Ke3 Rf7 58. Nf1 Rf3+ 59.
Ke2 Rf4 60. Be3 Rb4 61. Nh2 d4 62. Bd2 Rxb6 63. Nxg4 Kd5 64. f4 Rb3 65. Nf6+
Ke6 66. Ne4 Kf5 67. Nc5 Rh3 68. Kd1 Rh7 69. Nb3 Ke4 70. Nc5+ Kf5 71. Ke2 Rh2+
72. Kd3 Rxd2+ 73. Kxd2 Kxf4 1/2-1/2

[Event "ECCC 2013"]
[Site "Rhodes"]
[Date "2013.10.24"]
[Round "5"]
[White "Ajvazi, Ramadan"]
[Black "Morren, Eric-Jan"]
[Result "1/2-1/2"]
[WhiteElo "2152"]
[BlackElo "1779"]
[PlyCount "79"]
[EventDate "2013.10.20"]
[EventType "team"]
[EventRounds "7"]
[EventCountry "GRE"]
[WhiteTeam "Expik Kosova"]
[BlackTeam "SV Voerendaal / KNSB"]

1. d4 d5 2. c4 c6 3. Nc3 Nf6 4. e3 g6 5. Nf3 Bg4 6. cxd5 Bxf3 7. Qxf3 cxd5 8.
g3 e6 9. Bg2 Nc6 10. O-O Bg7 11. b3 O-O 12. Qe2 Rc8 13. Bb2 a6 14. Na4 Nd7 15.
Rfc1 b5 16. Nc5 Nxc5 17. Rxc5 Qd7 18. Rac1 Rfe8 19. Qc2 Nb4 20. Qb1 Bf8 21.
Rxc8 Rxc8 22. Bf1 Rxc1 23. Bxc1 Qc8 24. Bd2 Qc2 25. Qxc2 Nxc2 26. Bd3 Nb4 27.
Bb1 Nc6 28. Kf1 Ba3 29. Ke2 Kf8 30. h4 h5 31. f3 f5 32. Bc3 Ke7 33. e4 Kf6 34.
e5+ Kf7 35. Kd3 Nb4+ 36. Ke2 Nc6 37. Kd3 Nb4+ 38. Ke3 Nc6 39. Kd3 Nb4+ 40. Ke3
1/2-1/2

[Event "ECCC 2013"]
[Site "Rhodes"]
[Date "2013.10.24"]
[Round "5"]
[White "Young, Alan"]
[Black "Seitaj, Ilir"]
[Result "0-1"]
[WhiteElo "2029"]
[BlackElo "2378"]
[PlyCount "74"]
[EventDate "2013.10.20"]
[EventType "team"]
[EventRounds "7"]
[EventCountry "GRE"]
[WhiteTeam "White Knights Chess Club"]
[BlackTeam "Klubi Sportiv "]

1. e4 e5 2. Nf3 Nc6 3. d4 exd4 4. Bc4 Nf6 5. e5 d5 6. Bb5 Ne4 7. Nxd4 Bd7 8.
Bxc6 bxc6 9. O-O Bc5 10. f3 Ng5 11. f4 Ne4 12. Be3 Bb6 13. Nd2 c5 14. N4f3 Nxd2
15. Qxd2 d4 16. Bf2 Bc6 17. Bh4 Qd5 18. f5 h6 19. b3 c4 20. bxc4 Qxc4 21. Kh1
Bxf3 22. Rxf3 d3 23. Rf4 Qxc2 24. Qb4 Qc5 25. Qa4+ c6 26. e6 f6 27. e7 Kf7 28.
Qd1 Rhe8 29. Qh5+ Kxe7 30. Qg6 Kd7 31. Qxg7+ Re7 32. Qxf6 Rae8 33. h3 d2 34.
Bf2 Qc1+ 35. Kh2 d1=Q 36. Rxc1 Qxc1 37. Ra4 Bxf2 0-1

[Event "ECCC 2013"]
[Site "Rhodes"]
[Date "2013.10.24"]
[Round "5"]
[White "Mihasi, Lime"]
[Black "Hewitt, William"]
[Result "1-0"]
[WhiteElo "2030"]
[BlackElo "2069"]
[PlyCount "83"]
[EventDate "2013.10.20"]
[EventType "team"]
[EventRounds "7"]
[EventCountry "GRE"]
[WhiteTeam "Klubi Sportiv "]
[BlackTeam "White Knights Chess Club"]

1. e4 c5 2. Nf3 d6 3. d4 cxd4 4. Nxd4 Nf6 5. Nc3 a6 6. a4 e6 7. Be3 Be7 8. Be2
Qc7 9. O-O O-O 10. f4 Nc6 11. Nb3 Re8 12. a5 Nd7 13. Na4 Rb8 14. Nb6 Nf8 15. f5
Ne5 16. c3 Bd7 17. Nd4 Rbd8 18. g4 Bc6 19. Nxc6 Qxc6 20. Ra4 Nfd7 21. Nxd7 Rxd7
22. Rd4 Qc7 23. Qb3 Bf8 24. Rd2 Qc6 25. Rd4 Qc7 26. Rdd1 Qc6 27. Rf4 g5 28.
fxe6 gxf4 29. exd7 Nxd7 30. Bc4 Ne5 31. Bd5 Qd7 32. Bxf4 Qxg4+ 33. Bg3 Qe2 34.
Rf1 Bh6 35. Qd1 Be3+ 36. Kh1 Qxd1 37. Rxd1 Re7 38. Ba2 Nc6 39. Re1 Bg5 40. Bxd6
Rd7 41. e5 Nxa5 42. Rg1 1-0

[Event "ECCC 2013"]
[Site "Rhodes"]
[Date "2013.10.24"]
[Round "5"]
[White "Garcia, Jason"]
[Black "Mejdini, Murat"]
[Result "1/2-1/2"]
[WhiteElo "2044"]
[BlackElo "1977"]
[PlyCount "51"]
[EventDate "2013.10.20"]
[EventType "team"]
[EventRounds "7"]
[EventCountry "GRE"]
[WhiteTeam "White Knights Chess Club"]
[BlackTeam "Klubi Sportiv "]

1. e4 c5 2. Nf3 e6 3. d4 cxd4 4. Nxd4 Nf6 5. Nc3 a6 6. Be3 Bb4 7. Bd3 Qc7 8.
O-O b5 9. e5 Qxe5 10. Re1 Bxc3 11. bxc3 Qc7 12. Nf5 Kf8 13. Nxg7 h5 14. Qf3 Ng4
15. Bf4 Qc6 16. Qg3 Bb7 17. Bxb8 Kxg7 18. Be5+ f6 19. Bxf6+ Kxf6 20. Qf4+ Ke7
21. Qg5+ Nf6 22. Qg7+ Kd6 23. Qg3+ Ke7 24. Qg7+ Kd6 25. Qg3+ Ke7 26. Qg7+
1/2-1/2

[Event "ECCC 2013"]
[Site "Rhodes"]
[Date "2013.10.24"]
[Round "5"]
[White "Mihasi, Erald"]
[Black "Buttell, David"]
[Result "1-0"]
[WhiteElo "1862"]
[BlackElo "1901"]
[PlyCount "111"]
[EventDate "2013.10.20"]
[EventType "team"]
[EventRounds "7"]
[EventCountry "GRE"]
[WhiteTeam "Klubi Sportiv "]
[BlackTeam "White Knights Chess Club"]

1. d4 Nf6 2. Bf4 e6 3. e3 c5 4. c3 Nc6 5. Nf3 d5 6. Bd3 Bd6 7. Bg5 h6 8. Bh4 b6
9. O-O Bb7 10. Nbd2 Qc7 11. Qe2 c4 12. Bc2 g5 13. Bg3 O-O-O 14. e4 Bxg3 15.
hxg3 b5 16. Rfe1 Rde8 17. e5 Nd7 18. Qe3 a5 19. b3 Nb6 20. bxc4 bxc4 21. Rab1
a4 22. Nf1 Kd7 23. N1h2 Ra8 24. Ng4 a3 25. Nf6+ Kc8 26. Rec1 Na4 27. Bxa4 Rxa4
28. Ne1 Ne7 29. Nc2 Bc6 30. Rb4 Rxb4 31. Nxb4 Bb7 32. Rb1 Qa5 33. Qf3 Nc6 34.
Qh5 Qc7 35. Qg4 Nxb4 36. Rxb4 Bc6 37. f4 Qe7 38. fxg5 hxg5 39. Qxg5 Qf8 40. Qc1
Kc7 41. Qxa3 Qa8 42. Qb2 Qa5 43. a4 Qa7 44. Qa3 Rb8 45. Rxb8 Kxb8 46. Qf8+ Kb7
47. Qxf7+ Ka8 48. Qxa7+ Kxa7 49. Nh5 Be8 50. g4 Kb6 51. Nf4 Bf7 52. g5 Ka5 53.
Kf2 Kxa4 54. Ke3 Kb5 55. g6 Bg8 56. Nh5 1-0

[Event "ECCC 2013"]
[Site "Rhodes"]
[Date "2013.10.24"]
[Round "5"]
[White "Mavreas, Dimitrios"]
[Black "Joyce, John"]
[Result "1-0"]
[WhiteElo "1996"]
[BlackElo "2174"]
[PlyCount "83"]
[EventDate "2013.10.20"]
[EventType "team"]
[EventRounds "7"]
[EventCountry "GRE"]
[WhiteTeam "Ippotis Rodou"]
[BlackTeam "Gonzaga"]

1. e4 e5 2. Nf3 Nc6 3. Bc4 Nf6 4. d3 Be7 5. c3 O-O 6. O-O d5 7. exd5 Nxd5 8.
Re1 Bg4 9. h3 Bh5 10. Nbd2 Nb6 11. Bb5 f6 12. Bxc6 bxc6 13. Ne4 Qd5 14. Ng3
Bxf3 15. Qxf3 Qxf3 16. gxf3 Nd5 17. Be3 Kf7 18. Ne2 Rfd8 19. d4 Nxe3 20. fxe3
Rab8 21. b3 c5 22. dxe5 fxe5 23. Red1 c4 24. b4 Bh4 25. Kg2 Rd6 26. Rxd6 cxd6
27. f4 Ke6 28. a4 Bf6 29. Rd1 a6 30. Kf3 g6 31. Ke4 Rd8 32. fxe5 dxe5 33. Rxd8
Bxd8 34. Ng1 a5 35. b5 Kd6 36. Nf3 Bf6 37. Nd2 Kc5 38. Nf3 Kd6 39. Nd2 Kc5 40.
Nf3 Kd6 41. b6 Bg7 42. Nd2 1-0

[Event "ECCC 2013"]
[Site "Rhodes"]
[Date "2013.10.24"]
[Round "5"]
[White "Hayes, Peter J"]
[Black "Rousos, Stamatios"]
[Result "1-0"]
[WhiteElo "2029"]
[BlackElo "1369"]
[PlyCount "89"]
[EventDate "2013.10.20"]
[EventType "team"]
[EventRounds "7"]
[EventCountry "GRE"]
[WhiteTeam "Gonzaga"]
[BlackTeam "Ippotis Rodou"]

1. d4 Nf6 2. c4 c5 3. d5 b5 4. cxb5 a6 5. f3 d6 6. e4 g6 7. a4 Bg7 8. Na3 O-O
9. Ne2 Nbd7 10. Nc3 Bb7 11. Be2 Qc7 12. O-O Rfb8 13. Rb1 Ne8 14. Kh1 axb5 15.
Ncxb5 Qc8 16. b3 Nc7 17. Bb2 Nf6 18. Qd2 Ba6 19. Rfc1 Nxb5 20. axb5 Bb7 21. b4
Nd7 22. Bxg7 Kxg7 23. Nc4 Qd8 24. Na5 cxb4 25. Nc6 Bxc6 26. dxc6 Nc5 27. Rxc5
dxc5 28. Qxd8 Rxd8 29. b6 Rac8 30. c7 Rd7 31. Rd1 Rdxc7 32. bxc7 Rxc7 33. Bc4
Ra7 34. Kg1 Ra3 35. Rc1 Kf6 36. f4 Rc3 37. Rxc3 bxc3 38. Bd3 c4 39. Bc2 Ke6 40.
Kf2 Kd6 41. Ke3 Kc5 42. g4 h6 43. h4 e6 44. g5 h5 45. Bd1 1-0

[Event "ECCC 2013"]
[Site "Rhodes"]
[Date "2013.10.24"]
[Round "5"]
[White "Jackson, Carl"]
[Black "Michelakis, Evaggelos"]
[Result "1-0"]
[WhiteElo "1915"]
[BlackElo "1619"]
[PlyCount "69"]
[EventDate "2013.10.20"]
[EventType "team"]
[EventRounds "7"]
[EventCountry "GRE"]
[WhiteTeam "Gonzaga"]
[BlackTeam "Ippotis Rodou"]

1. e4 e6 2. Nf3 d5 3. e5 Ne7 4. h4 c5 5. b4 cxb4 6. a3 Nbc6 7. axb4 Nxb4 8. c3
Nbc6 9. d4 Bd7 10. Bd3 Qc7 11. O-O a6 12. Na3 Na7 13. Ng5 Qxc3 14. Rb1 Qc7 15.
Qf3 Nf5 16. g4 Nh6 17. Nxh7 Bxa3 18. Bxa3 Bb5 19. Bd6 Qd7 20. Nf6+ gxf6 21.
Qxf6 Rg8 22. Rfc1 Nxg4 23. Qf4 Rc8 24. Bh7 Rg7 25. Kh1 Nxf2+ 26. Qxf2 Rxh7 27.
Rg1 f5 28. Qg3 Qf7 29. Rg2 f4 30. Qg5 f3 31. Rg4 f2 32. Rf4 f1=Q+ 33. Rbxf1 Rg7
34. Rxf7 Rxg5 35. Re7+ 1-0

[Event "ECCC 2013"]
[Site "Rhodes"]
[Date "2013.10.25"]
[Round "6"]
[White "Topalov, Veselin"]
[Black "Wojtaszek, Radoslaw"]
[Result "0-1"]
[WhiteElo "2771"]
[BlackElo "2698"]
[PlyCount "104"]
[EventDate "2013.10.20"]
[EventType "team"]
[EventRounds "7"]
[EventCountry "GRE"]
[WhiteTeam "SOCAR"]
[BlackTeam "G-Team Novy Bor"]

1. e4 c5 2. Nf3 d6 3. d4 cxd4 4. Nxd4 Nf6 5. Nc3 a6 6. Be3 e5 7. Nb3 Be6 8. f3
h5 9. Nd5 Bxd5 10. exd5 Nbd7 11. Qd2 Qc7 12. c4 g6 13. O-O-O Nb6 14. Qa5 Bh6
15. Bxh6 Rxh6 16. Kb1 Nfd7 17. Qd2 Rh8 18. Rc1 Na4 19. Be2 a5 20. Na1 Kf8 21.
Nc2 Kg7 22. Na3 Nf6 23. Nb5 Qe7 24. Rhe1 Nc5 25. Bd1 Nfd7 26. b3 Qf6 27. Bc2 h4
28. Rf1 b6 29. Rce1 Rae8 30. a3 Re7 31. Qc3 Ree8 32. Kb2 Nb7 33. b4 Qf4 34. Rh1
Nf6 35. Bb3 Rh5 36. Re2 Rg5 37. Bc2 Rc8 38. Be4 Nh5 39. Rc2 Nf6 40. Qe1 Nd7 41.
Qf2 Kg8 42. Bd3 Rh5 43. Qe2 Kg7 44. Kb1 Rhh8 45. Qf2 Ra8 46. Nc3 axb4 47. axb4
Ra3 48. Kb2 Rha8 49. Rd2 Nbc5 50. bxc5 Nxc5 51. Be4 Rb3+ 52. Kc2 Raa3 0-1

[Event "ECCC 2013"]
[Site "Rhodes"]
[Date "2013.10.25"]
[Round "6"]
[White "Shirov, Alexei"]
[Black "Boidman, Yuri"]
[Result "1-0"]
[WhiteElo "2685"]
[BlackElo "2398"]
[PlyCount "37"]
[EventDate "2013.10.20"]
[EventType "team"]
[EventRounds "7"]
[EventCountry "GRE"]
[WhiteTeam "Malachite"]
[BlackTeam "S.F. Wirtzfeld"]

1. d4 d5 2. c4 c6 3. Nf3 Nf6 4. Nc3 g6 5. cxd5 cxd5 6. Bf4 Nc6 7. e3 Bg7 8. h3
O-O 9. Bd3 Bf5 10. Bxf5 gxf5 11. g4 Qb6 12. Rb1 e6 13. gxf5 exf5 14. Bd6 Rfe8
15. Rg1 Ne4 16. Nxe4 Rxe4 17. Ng5 Nxd4 18. Nxe4 dxe4 19. Qxd4 1-0

[Event "ECCC 2013"]
[Site "Rhodes"]
[Date "2013.10.25"]
[Round "6"]
[White "Svidler, Peter"]
[Black "Sutovsky, Emil"]
[Result "1/2-1/2"]
[WhiteElo "2740"]
[BlackElo "2657"]
[PlyCount "97"]
[EventDate "2013.10.20"]
[EventType "team"]
[EventRounds "7"]
[EventCountry "GRE"]
[WhiteTeam "Saint-Petersburg"]
[BlackTeam "Odlar Yurdu"]

1. Nf3 Nf6 2. c4 g6 3. Nc3 d5 4. cxd5 Nxd5 5. Qb3 Nb6 6. d4 Bg7 7. Bf4 Be6 8.
Qa3 c5 9. e4 cxd4 10. Nb5 O-O 11. Nc7 Nc6 12. Nxa8 Qxa8 13. Rc1 f5 14. e5 Nd5
15. Bd2 Nxe5 16. Nxd4 Bf7 17. Be2 Nb6 18. b3 Qd8 19. Nf3 Nd3+ 20. Bxd3 Qxd3 21.
Qxa7 Bb2 22. Qxb6 Bxc1 23. Bxc1 Rd8 24. Nd2 Rd6 25. Qb4 Bd5 26. f3 Re6+ 27. Kd1
Re2 28. Bb2 Rxg2 29. Kc1 Bxf3 30. Re1 Rxh2 31. Bc3 Be4 32. Kb2 Qd6 33. Ka3 Qa6+
34. Kb2 Qd6 35. Qc4+ Kf8 36. Kc1 Qd3 37. Qxd3 Bxd3 38. Re3 Bb5 39. a4 Bc6 40.
Bb4 f4 41. Rxe7 Kg8 42. Bc5 f3 43. b4 f2 44. b5 Bd5 45. Re5 Bf7 46. a5 Rh1+ 47.
Kc2 Re1 48. Re7 Bd5 49. a6 1/2-1/2

[Event "ECCC 2013"]
[Site "Rhodes"]
[Date "2013.10.25"]
[Round "6"]
[White "Rasulov, Vugar"]
[Black "Matlakov, Maxim"]
[Result "0-1"]
[WhiteElo "2514"]
[BlackElo "2682"]
[PlyCount "140"]
[EventDate "2013.10.20"]
[EventType "team"]
[EventRounds "7"]
[EventCountry "GRE"]
[WhiteTeam "Odlar Yurdu"]
[BlackTeam "Saint-Petersburg"]

1. e4 c5 2. Nf3 e6 3. c3 Nf6 4. e5 Nd5 5. d4 cxd4 6. cxd4 d6 7. Bc4 Be7 8. O-O
O-O 9. Qe2 b6 10. Bd3 dxe5 11. dxe5 Nd7 12. Rd1 Bb7 13. Bd2 Nc5 14. Bc4 Rc8 15.
Nc3 Nxc3 16. Bxc3 Qc7 17. Bd4 Rfd8 18. Rac1 Qb8 19. b4 Nd7 20. a3 Bxf3 21. gxf3
Bg5 22. Rb1 Nf8 23. Ba6 Rc7 24. Be3 Bxe3 25. Qxe3 Ng6 26. f4 Ne7 27. Qe4 g6 28.
Bf1 Nd5 29. Rb3 Nc3 30. Rxd8+ Qxd8 31. Qf3 Nd5 32. Qg3 Qc8 33. Kg2 Rc1 34. Bd3
Re1 35. Kf3 Kg7 36. h4 Qc6 37. b5 Qc5 38. h5 Qd4 39. Qh4 h6 40. hxg6 fxg6 41.
Qg4 Kf8 42. Qh4 Kg7 43. Qg4 Re3+ 44. fxe3 Qxe3+ 45. Kg2 Nxf4+ 46. Kh2 Nxd3 47.
Qg3 Qe2+ 48. Qg2 Qxe5+ 49. Qg3 Qe2+ 50. Qg2 Qh5+ 51. Qh3 Qe2+ 52. Qg2 Qd1 53.
Rc3 Qh5+ 54. Kg1 Nf4 55. Qb7+ Kf6 56. Qf3 Qg5+ 57. Kf2 Qe5 58. Rc4 Kf5 59. Rc8
g5 60. Rf8+ Kg6 61. Rg8+ Kf7 62. Ra8 Qd4+ 63. Kf1 Qa1+ 64. Kf2 Qd4+ 65. Kf1 Kf6
66. Rf8+ Ke5 67. Rc8 h5 68. Rc1 g4 69. Re1+ Kf5 70. Qa8 g3 0-1

[Event "ECCC 2013"]
[Site "Rhodes"]
[Date "2013.10.25"]
[Round "6"]
[White "Zvjaginsev, Vadim"]
[Black "Mamedov, Rauf"]
[Result "0-1"]
[WhiteElo "2659"]
[BlackElo "2641"]
[PlyCount "136"]
[EventDate "2013.10.20"]
[EventType "team"]
[EventRounds "7"]
[EventCountry "GRE"]
[WhiteTeam "Saint-Petersburg"]
[BlackTeam "Odlar Yurdu"]

1. e4 c5 2. Nf3 Nc6 3. Bb5 g6 4. O-O Bg7 5. Re1 Nf6 6. d3 O-O 7. h3 d6 8. Bxc6
bxc6 9. e5 Nd5 10. Na3 h6 11. Nc4 Be6 12. b3 Qd7 13. Bb2 f6 14. exd6 exd6 15.
Nfd2 Nf4 16. Ne3 Rae8 17. Ndf1 d5 18. d4 f5 19. Nh2 g5 20. c3 c4 21. Ba3 Rf7
22. Nc2 g4 23. Rf1 Nd3 24. Ne1 Nf4 25. Qd2 Qc7 26. Nc2 h5 27. Kh1 Bh6 28. Bc1
Rf6 29. Qd1 Bf7 30. Bxf4 Bxf4 31. g3 Bd6 32. Qd2 Bg6 33. bxc4 dxc4 34. Ne3 Qf7
35. Ng2 Qd5 36. f3 Bxg3 37. Qg5 Kg7 38. Nf4 Bxf4 39. Qxf4 Rfe6 40. Rf2 c5 41.
dxc5 Qxc5 42. Raf1 gxh3 43. Rd2 R8e7 44. Rd4 Qa3 45. Rg1 Qxc3 46. Rxc4 Qf6 47.
Qg3 Re2 48. Qxh3 Rxa2 49. Qg3 Ra1 50. Nf1 Kh7 51. Qf4 Rg7 52. Rc7 Rxc7 53.
Qxc7+ Qf7 54. Qe5 Ra4 55. Nh2 Qg7 56. Qe1 a5 57. Qc1 Ra2 58. Qc4 Ra1 59. Rxa1
Qxa1+ 60. Nf1 a4 61. Qc7+ Qg7 62. Qc5 f4 63. Nd2 Qd7 64. Ne4 Bxe4 65. Qxh5+ Kg8
66. Qg5+ Qg7 67. Qd8+ Kh7 68. fxe4 f3 0-1

[Event "ECCC 2013"]
[Site "Rhodes"]
[Date "2013.10.25"]
[Round "6"]
[White "Leko, Peter"]
[Black "Cheparinov, Ivan"]
[Result "1/2-1/2"]
[WhiteElo "2732"]
[BlackElo "2672"]
[PlyCount "71"]
[EventDate "2013.10.20"]
[EventType "team"]
[EventRounds "7"]
[EventCountry "GRE"]
[WhiteTeam "Ugra"]
[BlackTeam "PGMB-Rostov"]

1. Nf3 Nf6 2. c4 g6 3. Nc3 Bg7 4. g3 O-O 5. Bg2 d5 6. cxd5 Nxd5 7. O-O c5 8. d4
Nxc3 9. bxc3 cxd4 10. Nxd4 a6 11. Qb3 Qc7 12. Ba3 Re8 13. Rab1 Nd7 14. Nc2 Rb8
15. Ne3 Nf6 16. c4 b5 17. Nd5 Nxd5 18. cxd5 Bg4 19. Rfc1 Qd7 20. Bb2 Bxb2 21.
Qxb2 Rbc8 22. Rc6 Qa7 23. Rbc1 Bd7 24. Rxc8 Rxc8 25. Rxc8+ Bxc8 26. Qc3 Bd7 27.
Qa5 Bg4 28. e3 Be2 29. h4 Qc5 30. a3 Qd6 31. e4 Bc4 32. Kh2 Qc5 33. Kg1 Qd6 34.
Kh2 Qc5 35. Kg1 Qd6 36. Kh2 1/2-1/2

[Event "ECCC 2013"]
[Site "Rhodes"]
[Date "2013.10.25"]
[Round "6"]
[White "Rublevsky, Sergei"]
[Black "Smirnov, Pavel"]
[Result "1-0"]
[WhiteElo "2695"]
[BlackElo "2641"]
[PlyCount "125"]
[EventDate "2013.10.20"]
[EventType "team"]
[EventRounds "7"]
[EventCountry "GRE"]
[WhiteTeam "Ugra"]
[BlackTeam "PGMB-Rostov"]

1. e4 c5 2. Nf3 d6 3. d4 cxd4 4. Nxd4 Nf6 5. Nc3 a6 6. Be2 e6 7. f4 Be7 8. O-O
O-O 9. Kh1 Qc7 10. a4 Nc6 11. Be3 Nxd4 12. Qxd4 Bd7 13. e5 Ne8 14. Bd3 Bc6 15.
Ne4 Rd8 16. Qc3 f5 17. exf6 Nxf6 18. Ng5 Qc8 19. Qb3 d5 20. Bd4 h6 21. Nf3 Ne4
22. Be5 Nc5 23. Qb4 d4 24. Bc4 b5 25. axb5 axb5 26. Ba2 Qb7 27. Qd2 d3 28. cxd3
Rxd3 29. Qe2 Rfd8 30. b4 Ne4 31. Bxe6+ Kh8 32. Ra2 Qb6 33. Bf5 Re3 34. Qb2 Bf6
35. Bxf6 gxf6 36. Qa1 Nc3 37. Ra6 Qc7 38. Nh4 Rd2 39. Qc1 Ree2 40. Bh3 Rc2 41.
Qa1 Qb7 42. Rxc6 Qxc6 43. Qa7 Nd1 44. Bf5 Qc7 45. Qa8+ Kg7 46. Ng6 Nf2+ 47. Kg1
Nh3+ 48. Bxh3 Qc4 49. Nh4 Qd4+ 50. Kh1 Qxf4 51. Nf5+ Kh7 52. Ng3 Rf2 53. Rg1
Qe5 54. Qa7+ Kg8 55. Qd7 Kf8 56. Nf5 Qc7 57. Qe6 Qe5 58. Qd7 Qc7 59. Qd4 Qe5
60. Qd8+ Kf7 61. Qd7+ Kf8 62. Qg7+ Ke8 63. Qg8+ 1-0

[Event "ECCC 2013"]
[Site "Rhodes"]
[Date "2013.10.25"]
[Round "6"]
[White "Khismatullin, Denis"]
[Black "Popov, Ivan"]
[Result "1-0"]
[WhiteElo "2656"]
[BlackElo "2653"]
[PlyCount "85"]
[EventDate "2013.10.20"]
[EventType "team"]
[EventRounds "7"]
[EventCountry "GRE"]
[WhiteTeam "Ugra"]
[BlackTeam "PGMB-Rostov"]

1. c4 Nf6 2. Nf3 g6 3. Nc3 d5 4. cxd5 Nxd5 5. Qb3 Nb6 6. d4 Bg7 7. Bf4 Be6 8.
Qa3 c5 9. e4 cxd4 10. Nb5 O-O 11. Nc7 Nc6 12. Nxa8 Qxa8 13. Rc1 f5 14. e5 Nd5
15. Bd2 Nxe5 16. Nxd4 Bf7 17. Be2 Rd8 18. Nf3 Nxf3+ 19. Bxf3 e5 20. O-O e4 21.
Be2 Qb8 22. Rfd1 Be5 23. h3 Bh2+ 24. Kh1 Nf4 25. Bf1 Nd3 26. Bxd3 Rxd3 27. Bc3
Bd6 28. Qa4 b5 29. Qa6 Be5 30. Rxd3 exd3 31. Bb4 Kg7 32. Qa3 Qd8 33. Rd1 Qd4
34. Bc3 Qf4 35. Bxe5+ Qxe5 36. Kg1 d2 37. Qb4 Bxa2 38. Qxd2 Bf7 39. Ra1 h6 40.
Rxa7 Qc5 41. Qc3+ Qxc3 42. bxc3 Kf6 43. f4 1-0

[Event "ECCC 2013"]
[Site "Rhodes"]
[Date "2013.10.25"]
[Round "6"]
[White "Kovalev, Vladislav"]
[Black "Buhmann, Rainer"]
[Result "1-0"]
[WhiteElo "2563"]
[BlackElo "2582"]
[PlyCount "81"]
[EventDate "2013.10.20"]
[EventType "team"]
[EventRounds "7"]
[EventCountry "GRE"]
[WhiteTeam "Minsk"]
[BlackTeam "Schachclub MPO Maria Saal"]

1. e4 e6 2. d4 d5 3. Nd2 c5 4. Ngf3 cxd4 5. Nxd4 Ne7 6. Bd3 Nbc6 7. Nxc6 bxc6
8. O-O Ng6 9. c4 Be7 10. cxd5 cxd5 11. exd5 exd5 12. Re1 O-O 13. Qh5 Qd6 14.
Nf3 Ba6 15. Bc2 Rab8 16. Bg5 Bf6 17. Rad1 Rxb2 18. Bb3 Nf4 19. Bxf4 Qxf4 20.
Qxd5 h6 21. Re8 Qc7 22. Rde1 Bb7 23. Qf5 Bxf3 24. Qxf3 Rd2 25. Rxf8+ Kxf8 26.
g3 Qb6 27. Re3 g6 28. Qf4 Qd4 29. Qxh6+ Bg7 30. Qh3 Bf6 31. Qh6+ Bg7 32. Qh3
Bf6 33. Qh7 Qd7 34. Rf3 Rd6 35. Qh6+ Bg7 36. Qg5 f5 37. h4 Qe7 38. Qc1 Bd4 39.
Qh6+ Bg7 40. Qh7 Qe1+ 41. Kg2 1-0

[Event "ECCC 2013"]
[Site "Rhodes"]
[Date "2013.10.25"]
[Round "6"]
[White "Kreisl, Robert"]
[Black "Stupak, Kirill"]
[Result "1/2-1/2"]
[WhiteElo "2408"]
[BlackElo "2487"]
[PlyCount "48"]
[EventDate "2013.10.20"]
[EventType "team"]
[EventRounds "7"]
[EventCountry "GRE"]
[WhiteTeam "Schachclub MPO Maria Saal"]
[BlackTeam "Minsk"]

1. Nf3 d5 2. d4 Nf6 3. c4 e6 4. g3 Bb4+ 5. Bd2 Be7 6. Bg2 O-O 7. O-O c6 8. Nc3
b6 9. Ne5 Nfd7 10. Nxd7 Nxd7 11. cxd5 exd5 12. e4 dxe4 13. Bxe4 Bb7 14. Bf4 Nf6
15. Bg2 Qd7 16. Re1 Rad8 17. Qa4 Ba8 18. Rad1 Rfe8 19. a3 Nh5 20. Be3 Nf6 21.
Bf4 Nh5 22. Be3 Nf6 23. Bf4 Nh5 24. Be3 Nf6 1/2-1/2

[Event "ECCC 2013"]
[Site "Rhodes"]
[Date "2013.10.25"]
[Round "6"]
[White "Teterev, Vitaly"]
[Black "Schachinger, Mario"]
[Result "1/2-1/2"]
[WhiteElo "2506"]
[BlackElo "2402"]
[PlyCount "144"]
[EventDate "2013.10.20"]
[EventType "team"]
[EventRounds "7"]
[EventCountry "GRE"]
[WhiteTeam "Minsk"]
[BlackTeam "Schachclub MPO Maria Saal"]

1. Nf3 Nf6 2. g3 d6 3. d4 g6 4. Bg2 Bg7 5. O-O O-O 6. Nc3 Nbd7 7. e4 c5 8. e5
Ne8 9. exd6 Nxd6 10. Re1 Nf5 11. d5 a6 12. a4 b6 13. g4 Nd6 14. Bg5 Re8 15. Qe2
Bf6 16. Qd2 Bb7 17. Bxf6 exf6 18. Qf4 Rxe1+ 19. Rxe1 Qf8 20. Nd2 Re8 21. Rxe8
Nxe8 22. Nc4 Qe7 23. Be4 Qd8 24. h4 Qa8 25. Kh2 b5 26. axb5 axb5 27. Nxb5 Bxd5
28. Nc3 Bxe4 29. Nxe4 Qd5 30. b3 Qd1 31. Ne3 Qd4 32. Kg3 Qa1 33. Kg2 Qd4 34.
Nc4 Qd1 35. Ne3 Qd4 36. c3 Qd3 37. Nc4 Qd1 38. Ned2 Ne5 39. g5 Nxc4 40. bxc4
fxg5 41. hxg5 Qa4 42. Ne4 Qc6 43. f3 Qe6 44. Qb8 Kg7 45. Qd8 h6 46. gxh6+ Kxh6
47. Qg5+ Kg7 48. Qxc5 f5 49. Qd4+ Kg8 50. Nf2 Nd6 51. Qd5 Qxd5 52. cxd5 Nc4 53.
Nd1 f4 54. Kh3 Kf7 55. Nf2 Ne3 56. d6 Ke6 57. Kh4 Kxd6 58. Kg5 Nd5 59. Ne4+ Ke5
60. Kxg6 Ne3 61. Kg5 Ng2 62. Nf2 Kd5 63. Kf5 Kc4 64. Ne4 Kd3 65. Ke5 Ke3 66. c4
Ne1 67. Ng5 Nxf3+ 68. Nxf3 Kxf3 69. c5 Ke3 70. c6 f3 71. c7 f2 72. c8=Q f1=Q
1/2-1/2